| 000 | 01212nam0a2200325 4500 | ||
|---|---|---|---|
| 001 | RU\NLR\bibl\54538 | ||
| 005 | 20260406123958.0 | ||
| 010 |
_a5-7107-1427-5 _920000 |
||
| 035 | _a(NLR Aleph) 000053210 | ||
| 090 |
_a286200 _c286200 |
||
| 100 | _a19991022d1997 |||y0rusy50 ca | ||
| 101 | 0 | _arus | |
| 102 | _aRU | ||
| 105 | _ay ||||||||| | ||
| 200 | 1 |
_aРусский язык _e5 - 11 кл. _eСлов. школьника _f[К.А. Войлова и др.] _gПод ред. В.В. Леденевой |
|
| 210 |
_aМ. _cДрофа _d1997 |
||
| 215 |
_a171 с. _d20 |
||
| 606 | 0 |
_aРусский язык _jСловари _91533567 _3RU\NLR\auth\66969347 |
|
| 686 | _aШ141.12-922.1[5/11] | ||
| 702 | 1 |
_4340 _aЛеденёва _bВ. В. _cд-р филол. наук _gВалентина Васильевна _9180951 _3RU\NLR\AUTH\770181002 |
|
| 702 | 1 |
_4070 _7ca _8rus _aВойлова _bК. А. _f1943-2013 _gКлавдия Анатольевна _9110950 _3RU\NLR\AUTH\77914 |
|
| 801 | 0 |
_aRU _bNLR _c19991022 _gPSBO |
|
| 801 | 1 |
_aRU _bNLR _c19991022 |
|
| 852 |
_aNLR _jС К-1/7705 |
||
| 942 | _cBOOK | ||
| 980 | _aNB | ||